|
|
|
|
| LEADER |
00000nam a2200000 a 4500 |
| 001 |
vtls001305968 |
| 003 |
SK-MaSNL |
| 005 |
20260301235224.0 |
| 008 |
240314s1980 xx 0 und |
| 035 |
|
|
|a SNK000258214
|
| 040 |
|
|
|a SNK
|b slo
|c SNK
|e AACR2
|
| 100 |
1 |
|
|a Urban, Zdeněk
|4 aut
|9 589063
|
| 245 |
1 |
0 |
|a Systém a evoluce nižších rostlin
|
| 260 |
|
|
|a Praha
|b Státní pedagogické nakl.
|c 1980
|
| 300 |
|
|
|a 415 s.
|
| 958 |
|
|
|a OND
|
| 999 |
|
|
|c 974040
|d 975970
|
| 952 |
|
|
|t P60, <04>, [BOOK], {604}
|a SNK
|b SNK
|y VYP
|7 0
|p 17A0102862
|o snkIC 81242 D1
|0 0
|1 1
|4 0
|d 1997-10-09
|l 0
|r 2005-01-02 00:00:00
|w 2026-02-24
|
| 952 |
|
|
|t P60, <04>, [BOOK], {604}
|a SNK
|b SNK
|y VYP
|7 0
|p 17A0163750
|o snkIC 81242
|0 0
|1 0
|4 0
|d 1998-10-02
|l 0
|r 2005-01-02 00:00:00
|w 2026-02-24
|